| 000 | 01302cam a22003131i 4500 | ||
|---|---|---|---|
| 003 | SA-RiAUC | ||
| 005 | 20250713054314.0 | ||
| 008 | 250713s1992 uk g b 000r0 ara c | ||
| 020 | _aX025565641 | ||
| 020 | _aX0250565641 | ||
| 040 |
_aSA-RiAUC _bara _cSA-RiAUC _erda |
||
| 082 | 0 | 4 |
_a953 _qSA-RiAUC |
| 090 |
_a953 _b ا ب ن ع |
||
| 100 | 1 |
_aابن عاشور، محمد الفاضل، _d1909-1970 _eمؤلف. |
|
| 245 | 1 | 0 |
_aروح الحضارة الإسلامية / _cمحمد الفاضل بن عاشور ؛ ضبطها وقدم لها عمر عبيد حسنة. |
| 250 | _aالطبعة الأولى. | ||
| 264 | 1 |
_aهرندن، الولايات المتحدة الأمريكية : _bالمعهد العالمي للفكر الإسلامي، _c1992 |
|
| 300 |
_a78 صفحة ؛ _c24 سم. |
||
| 336 |
_aنص _btxt _2rdacontent _3كتاب |
||
| 337 |
_aبدون وسيط _bn _2rdamedia |
||
| 338 |
_aمجلد _bnc _2rdacarrier |
||
| 490 | 0 |
_aأبحاث علمية ؛ _v6 |
|
| 504 | _aيشتمل على إرجاعات ببليوجرافية. | ||
| 650 | 7 |
_aالحضارة الإسلامية _2aucsh |
|
| 650 | 7 |
_aالتاريخ الإسلامي _2aucsh |
|
| 700 | 1 |
_aحسنة، عمر عبيد، _d1935- _eمقدم. |
|
| 942 |
_2ddc _cBOOK _n0 |
||
| 949 |
_aSA-JeALM _d250713 _umohamedma123 _n1 |
||
| 999 |
_c9821 _d9821 |
||